000 00788nam a2200301 a 4500
001 31345
003 AR-BaAGN
005 20231223062914.0
007 ta
008 220625s2019 ag |||||r|||| ||||||spa d
020 _a978-950-754-653-2
040 _dAR-BaAGN
_aAR-BaAGN
_bspa
_eaacr
100 1 _aDlugi, Catalina
245 1 0 _aMujeres cámara acción :
_bempoderamiento y feminismo en el cine argentino
250 _a1ª ed.
260 _aBuenos Aires :
_bContinente,
_c2019.
300 _a192 páginas
336 _2rdacontent
_btxt
337 _2rdamedia
_bn
338 _2rdacarrier
_bnc
650 4 _aCINE
_91493
650 4 _aFEMINISMO
_983
650 4 _aMUJERES
_91851
651 4 _aArgentina
_93645
700 1 _aGallego, Rolando
942 _cLIBRO
999 _c31345
_d31345